000
00331nam a2200145Ia 4500
008
150201s1996 xx 000 0 und d
082
_a
616.96
_b
M2002A
100
_a
ARORA,D.R.
245
_a
MEDICAL PARASITOLOGY
250
_a
1ST
260
_b
AIPD
_a
MADRAS
_c
1996
300
_a
1-233
650
_a
MICROBIOLOGY
942
_2
ddc
_c
BK
999
_c
2689
_d
2689